| 000 | 01224pam a2200385 a 4500 | ||
|---|---|---|---|
| 001 | 4786058 | ||
| 003 | OSt | ||
| 005 | 20260608075902.0 | ||
| 008 | 870513s1988 maua 001 0 eng | ||
| 010 | _a 87014422 | ||
| 020 |
_a0201163209 (set) : _c$48.95 |
||
| 020 |
_z0201163217 (v. 1) : _c$36.95 |
||
| 020 |
_z0201163225 (v. 2) : _c$34.95 |
||
| 020 | _a9780201163209 | ||
| 035 | _a4786058 | ||
| 040 |
_aDLC _cDLC _dDLC |
||
| 050 | 0 | 0 |
_aQA303 _b.T42 1988 |
| 082 | 0 | 0 |
_a515/.15 _219 |
| 100 | 1 |
_aThomas, George B., _cJr. _q(George Brinton), _d1914-2006. |
|
| 245 | 1 | 0 |
_aCalculus and analytic geometry / _cGeorge B. Thomas, Jr., Ross L. Finney. |
| 250 | _a7th ed. | ||
| 260 |
_aReading, Mass. : _bAddison-Wesley Pub. Co., _cc1988. |
||
| 300 |
_axxv, 1136, [144] p. : _bill. (some col.) ; _c26 cm. |
||
| 336 |
_atext _btxt _2rdacontent |
||
| 337 |
_aunmediated _bn _2rdamedia |
||
| 338 |
_avolume _bnc _2rdacarrier |
||
| 500 | _aIncludes index. | ||
| 650 | 0 | _aCalculus. | |
| 650 | 0 | _aGeometry, Analytic. | |
| 700 | 1 | _aFinney, Ross L. | |
| 856 | _3General stack | ||
| 906 |
_a7 _bcbc _corignew _d1 _eocip _f19 _gy-gencatlg |
||
| 942 |
_2lcc _cBK |
||
| 999 |
_c266330 _d266329 |
||